[Event "NK Jeugd B"]
[Site "Venlo"]
[Date "2009.04.25"]
[Round "2"]
[White "Laan, Kart"]
[Black "Duburg, Jamie"]
[Result "0-1"]
[WhiteElo "1615"]
[BlackElo "1842"]
[PlyCount "82"]
[EventDate "2009.04.25"]
[EventType "swiss"]
[EventRounds "9"]
[EventCountry "NED"]

1. d4 d5 2. c4 e6 3. Nc3 Nf6 4. Bg5 Be7 5. e3 O-O 6. Nf3 Nbd7 7. Bd3 dxc4 8.
Bxc4 c5 9. O-O a6 10. a4 b6 11. Qe2 cxd4 12. Nxd4 Bb7 13. Rfd1 Qc7 14. f3 Rfe8
15. Rac1 Ne5 16. Ncb5 Qb8 17. Na3 Bxa3 18. bxa3 Nxc4 19. Rxc4 Nd5 20. Rb1 Rc8
21. e4 Nc3 22. Rxc3 Rxc3 23. Rxb6 Qc7 24. Qb2 Qc5 25. Be3 Rxe3 26. Rxb7 e5 27.
Rb8+ Rxb8 28. Qxb8+ Qf8 29. Qxe5 Rxa3 30. Nf5 Rxa4 31. Ne7+ Kh8 32. Qd6 Qe8 33.
Qe5 Qb5 34. Qc3 Rc4 35. Qa3 Qc5+ 36. Qxc5 Rxc5 37. Nd5 a5 38. Nb6 Rb5 39. Na4
Rb4 40. Nc5 a4 41. Nxa4 Rxa4 0-1

[Event "NK Jeugd B"]
[Site "Venlo"]
[Date "2009.04.26"]
[Round "3"]
[White "Admiraal, Miguoel"]
[Black "Ten Hertog, Hugo"]
[Result "1/2-1/2"]
[WhiteElo "2163"]
[BlackElo "2008"]
[PlyCount "133"]
[EventDate "2009.04.25"]
[EventType "swiss"]
[EventRounds "9"]
[EventCountry "NED"]
[SourceDate "2009.04.26"]

1. e4 c5 2. Nc3 d6 3. Nf3 a6 4. d4 cxd4 5. Nxd4 Nf6 6. Be2 e5 7. Nb3 Be7 8. O-O
O-O 9. Be3 Be6 10. Qd2 Nbd7 11. a4 Rc8 12. a5 Nc5 13. Nxc5 dxc5 14. Qxd8 Rfxd8
15. f3 c4 16. Na4 Bb4 17. Nb6 Rc7 18. c3 Bc5 19. Kf2 Kf8 20. Bxc5+ Rxc5 21. Ke3
Nd7 22. Rfd1 Ke7 23. Nd5+ Bxd5 24. Rxd5 Rxd5 25. exd5 Nf6 26. Bxc4 Nxd5+ 27.
Bxd5 Rxd5 28. b4 f5 29. g4 f4+ 30. Ke2 Kd6 31. Ra2 g5 32. c4 Rd4 33. Rd2 Rxd2+
34. Kxd2 e4 35. fxe4 Ke5 36. c5 Kxe4 37. b5 Kd5 38. c6 Kd6 39. cxb7 Kc7 40.
bxa6 Kb8 41. Kd3 Kc7 42. Kd4 Kb8 43. Kc5 Kc7 44. Kc4 Kb8 45. Kb5 Kc7 46. Kc4
Kb8 47. Kd5 Kc7 48. Ke4 Kb8 49. Kf3 Kc7 50. Kg2 Kb8 51. Kf1 Kc7 52. Kf2 Kb8 53.
h3 Kc7 54. Kf3 Kb8 55. Ke4 Kc7 56. Kd4 Kb8 57. Kc5 Kc7 58. Kd4 Kb8 59. Ke4 Kc7
60. h4 h6 61. Kf3 Kb8 62. h5 Kc7 63. Ke2 Kb8 64. Kd3 Kc7 65. Kc4 Kb8 66. Kb5
Kc7 67. Kc4 1/2-1/2

[Event "NK Jeugd B"]
[Site "Venlo"]
[Date "2009.04.26"]
[Round "3"]
[White "Damen, Igor"]
[Black "Manoch, Maurice"]
[Result "1-0"]
[WhiteElo "1738"]
[BlackElo "1833"]
[PlyCount "111"]
[EventDate "2009.04.25"]
[EventType "swiss"]
[EventRounds "9"]
[EventCountry "NED"]
[SourceDate "2009.04.26"]

1. e4 e6 2. d4 d5 3. e5 c5 4. c3 Nc6 5. Nf3 Qb6 6. a3 c4 7. Be2 Bd7 8. O-O Na5
9. Nbd2 Ne7 10. Qe1 Ng6 11. Bd1 Rc8 12. Bc2 Nb3 13. Nxb3 cxb3 14. Bd3 Bb5 15.
Qe2 Bxd3 16. Qxd3 h6 17. h4 Ne7 18. h5 Nc6 19. Nd2 Na5 20. f4 Nc4 21. Nxc4 dxc4
22. Qf3 Qc6 23. f5 Qxf3 24. Rxf3 Be7 25. fxe6 fxe6 26. Be3 a5 27. a4 Rf8 28.
Rg3 Rf7 29. Rg6 Rc6 30. Re1 Bf8 31. g4 Bb4 32. Bd2 Bf8 33. Kg2 Be7 34. Rd1 Kd7
35. Rf1 Rxf1 36. Kxf1 Bf8 37. g5 hxg5 38. Bxg5 Ke8 39. h6 gxh6 40. Bxh6 Bxh6
41. Rxh6 Kd8 42. Ke2 Kd7 43. Rh7+ Kc8 44. Re7 b5 45. axb5 Rb6 46. Ra7 Rxb5 47.
Kd2 Rd5 48. Re7 a4 49. Ra7 Rd7 50. Rxa4 Rc7 51. Ke3 Kd7 52. Ra5 Kc6 53. Rc5+
Kb6 54. Rxc7 Kxc7 55. Ke4 Kc6 56. d5+ 1-0

[Event "NK Jeugd B"]
[Site "Venlo"]
[Date "2009.04.26"]
[Round "3"]
[White "Duburg, Jamie"]
[Black "Swinkels, Maurice"]
[Result "1-0"]
[WhiteElo "1842"]
[BlackElo "1972"]
[PlyCount "47"]
[EventDate "2009.04.25"]
[EventType "swiss"]
[EventRounds "9"]
[EventCountry "NED"]
[SourceDate "2009.04.26"]

1. e4 c5 2. d4 cxd4 3. c3 Nf6 4. e5 Nd5 5. Bc4 Nb6 6. Bb3 e6 7. cxd4 d6 8. Nf3
Nc6 9. O-O Be7 10. Nc3 O-O 11. Bf4 Nb4 12. Rc1 f6 13. exd6 Bxd6 14. Bxd6 Qxd6
15. Nb5 Qe7 16. Nc7 Rb8 17. Qe2 Kh8 18. Rfe1 Rd8 19. Nxe6 Bxe6 20. Qxe6 Qxe6
21. Rxe6 Rd7 22. Rce1 h6 23. Nh4 Rxd4 24. Re8+ 1-0

[Event "NK Jeugd B"]
[Site "Venlo"]
[Date "2009.04.26"]
[Round "3"]
[White "Faber, Jort"]
[Black "Van Dorp, Jan"]
[Result "0-1"]
[WhiteElo "1840"]
[BlackElo "1960"]
[PlyCount "46"]
[EventDate "2009.04.25"]
[EventType "swiss"]
[EventRounds "9"]
[EventCountry "NED"]
[SourceDate "2009.04.26"]

1. Nc3 c5 2. f4 d5 3. e4 d4 4. Nce2 Nc6 5. Nf3 Bg4 6. Ng3 h5 7. Bc4 Nf6 8. e5
Nd5 9. h3 Be6 10. f5 Ne3 11. dxe3 Bxc4 12. b3 Ba6 13. exd4 cxd4 14. Bb2 Qa5+
15. Qd2 Qxd2+ 16. Kxd2 O-O-O 17. e6 h4 18. Ne4 fxe6 19. fxe6 Rh5 20. Rhe1 g6
21. Rad1 Bh6+ 22. Neg5 Bxg5+ 23. Nxg5 Rxg5 0-1

[Event "NK Jeugd B"]
[Site "Venlo"]
[Date "2009.04.26"]
[Round "3"]
[White "Gunther, Justin"]
[Black "Sekandar, Kambiz"]
[Result "0-1"]
[WhiteElo "2015"]
[BlackElo "1858"]
[PlyCount "144"]
[EventDate "2009.04.25"]
[EventType "swiss"]
[EventRounds "9"]
[EventCountry "NED"]
[SourceDate "2009.04.26"]

1. e4 e5 2. Nf3 Nc6 3. d4 exd4 4. Bc4 Nf6 5. e5 d5 6. Bb5 Ne4 7. Nxd4 Bd7 8.
Bxc6 bxc6 9. O-O Bc5 10. Be3 O-O 11. f3 Ng5 12. f4 Ne4 13. Nd2 Nxd2 14. Qxd2
Re8 15. b4 Bb6 16. Nb3 f6 17. Qc3 fxe5 18. fxe5 Qg5 19. Bxb6 axb6 20. Rfe1 Re6
21. Re3 Rf8 22. Rae1 Rg6 23. Qd2 Be6 24. a4 Qf4 25. Rg3 Rg4 26. Qxf4 Rfxf4 27.
Rxg4 Rxg4 28. c3 Rc4 29. Nd4 Kf7 30. a5 Bc8 31. e6+ Ke8 32. Nf5 g6 33. Nh6 Re4
34. Ra1 bxa5 35. bxa5 Ba6 36. Rb1 Ke7 37. Nf7 Rxe6 38. Ng5 Re3 39. Rc1 h6 40.
Nf3 c5 41. Rc2 g5 42. Kf2 Re4 43. Ra2 Kd6 44. Nd2 Rf4+ 45. Ke1 Rf5 46. Ra4 Kc6
47. Nf3 Kb5 48. Rg4 Kxa5 49. h4 Bc8 50. Rg3 gxh4 51. Nxh4 Rf4 52. Nf3 Bg4 53.
Nd2 Kb5 54. Re3 Rf6 55. Rg3 h5 56. Nf1 d4 57. Nd2 Re6+ 58. Kf1 Re2 59. Nb3 Rb2
60. cxd4 c4 61. Nc5 Rd2 62. Ne4 Rxd4 63. Nc3+ Kb4 64. Ke1 Rd3 65. Rxd3 cxd3 66.
Nd5+ Kb3 67. Kd2 c6 68. Nc3 Be2 69. g3 Kc4 70. Nb1 Kd4 71. Nc3 c5 72. Na4 Ke4
0-1

[Event "NK Jeugd B"]
[Site "Venlo"]
[Date "2009.04.26"]
[Round "3"]
[White "Hachijan, Armen"]
[Black "Pijpers, Arthur"]
[Result "0-1"]
[WhiteElo "2085"]
[BlackElo "2185"]
[PlyCount "68"]
[EventDate "2009.04.25"]
[EventType "swiss"]
[EventRounds "9"]
[EventCountry "NED"]
[SourceDate "2009.04.26"]

1. e4 c5 2. Nf3 d6 3. d4 cxd4 4. Nxd4 Nf6 5. Nc3 a6 6. Be3 e5 7. Nb3 Be6 8. f4
exf4 9. Bxf4 Nc6 10. Qe2 Rc8 11. h3 Nd7 12. O-O-O Nce5 13. Nd5 Bxd5 14. Rxd5
Be7 15. Kb1 O-O 16. h4 Nb6 17. Rd1 Nbc4 18. Bxe5 Nxe5 19. g4 Qb6 20. g5 Nc4 21.
Bh3 Rc7 22. Rd5 Ne3 23. Rd2 a5 24. Re1 Nc4 25. Rd4 Ne5 26. a4 Ra8 27. Red1 Qc6
28. c3 b6 29. h5 Bxg5 30. Rxd6 Qxa4 31. Qa6 Re8 32. Qxb6 Qxe4+ 33. Ka1 Qa4+ 34.
Kb1 Nc4 0-1

[Event "NK Jeugd B"]
[Site "Venlo"]
[Date "2009.04.26"]
[Round "3"]
[White "Heller, Milan"]
[Black "Van den Bergh, Don"]
[Result "1/2-1/2"]
[WhiteElo "1922"]
[BlackElo "1757"]
[PlyCount "64"]
[EventDate "2009.04.25"]
[EventType "swiss"]
[EventRounds "9"]
[EventCountry "NED"]
[SourceDate "2009.04.26"]

1. d4 Nf6 2. c4 g6 3. Nc3 d5 4. cxd5 Nxd5 5. Bd2 Bg7 6. e4 Nxc3 7. Bxc3 O-O 8.
Bc4 c5 9. d5 Bxc3+ 10. bxc3 Qa5 11. Ne2 Nd7 12. O-O Ne5 13. Bb3 b5 14. f4 Ng4
15. Qd2 Qb6 16. Bc2 f5 17. c4 bxc4 18. Nc3 fxe4 19. Bxe4 Nf6 20. Rfe1 Nxe4 21.
Rxe4 Qf6 22. Rxc4 Ba6 23. Re4 Rad8 24. Rae1 e5 25. Rxe5 Qxf4 26. Qxf4 Rxf4 27.
Ne4 Bc4 28. d6 Bxa2 29. Rxc5 Rf5 30. d7 Be6 31. Rxf5 Bxf5 32. Nc5 Kf7 1/2-1/2

[Event "NK Jeugd B"]
[Site "Venlo"]
[Date "2009.04.26"]
[Round "3"]
[White "Klein, David"]
[Black "Mostertman, Milan"]
[Result "0-1"]
[WhiteElo "2239"]
[BlackElo "2142"]
[PlyCount "106"]
[EventDate "2009.04.25"]
[EventType "swiss"]
[EventRounds "9"]
[EventCountry "NED"]
[SourceDate "2009.04.26"]

1. e4 d5 2. exd5 Qxd5 3. Nc3 Qd6 4. d4 Nf6 5. Nf3 c6 6. g3 Bg4 7. Bg2 e6 8. h3
Bxf3 9. Bxf3 Nbd7 10. O-O Qc7 11. Re1 Nb6 12. Bg2 Rd8 13. Bg5 Be7 14. a4 O-O
15. Bf4 Bd6 16. Bg5 Be7 17. Qd3 Nbd5 18. Qe2 h6 19. Bd2 Rd7 20. a5 Rfd8 21. a6
Nb4 22. Bf4 Bd6 23. Be5 Bxe5 24. dxe5 Ne8 25. axb7 Rd2 26. Qc4 Nxc2 27. Bxc6
Nxa1 28. Rxa1 Rxb2 29. Qa4 Qxe5 30. Qa5 Qd4 31. Rf1 Qb6 32. Qa1 Rb3 33. Bg2 Nd6
34. Na4 Qb4 35. Rc1 Ra3 36. Qe5 Rxa4 37. Kh2 Ra5 38. Rc8 Rxc8 39. Qxd6 Qxd6 40.
bxc8=Q+ Kh7 41. Qe8 Qc7 42. h4 g6 43. Bf3 Rf5 44. Kg2 Qe5 45. h5 Qf6 46. hxg6+
fxg6 47. Be4 Qf7 48. Qd8 Rxf2+ 49. Kh3 Re2 50. Bd3 Re3 51. Kh4 Rxd3 52. Qg5
hxg5+ 53. Kg4 Qf5# 0-1

[Event "NK Jeugd B"]
[Site "Venlo"]
[Date "2009.04.26"]
[Round "3"]
[White "Otten, Martijn"]
[Black "Mostertman, Xander"]
[Result "0-1"]
[WhiteElo "1735"]
[BlackElo "1837"]
[PlyCount "76"]
[EventDate "2009.04.25"]
[EventType "swiss"]
[EventRounds "9"]
[EventCountry "NED"]
[SourceDate "2009.04.26"]

1. d4 Nf6 2. c4 c5 3. Nf3 cxd4 4. Nxd4 e5 5. Nf3 Nc6 6. a3 a5 7. Bg5 Bc5 8. e3
d6 9. Nc3 Bg4 10. Ne4 Qe7 11. h3 Bh5 12. g4 Bg6 13. Bxf6 gxf6 14. Ng3 e4 15.
Nd2 Qe5 16. Qb1 Bxe3 17. Ndxe4 Bd4 18. Ra2 Qf4 19. Qc2 O-O 20. Bg2 Rae8 21. Kf1
Re5 22. Qd2 Qxd2 23. Nxd2 Bd3+ 24. Kg1 Re1+ 25. Bf1 Rd1 26. b3 Bc3 27. Nge4
Rxf1+ 28. Nxf1 Bxe4 29. f3 Bxf3 30. Rhh2 Bd4+ 31. Rhf2 Re8 32. Ng3 Re1+ 33. Kh2
Bxf2 34. Rxf2 Ne5 35. Nf5 Rd1 36. Nh4 Rd3 37. b4 Rxa3 38. bxa5 Bxg4 0-1

[Event "NK Jeugd B"]
[Site "Venlo"]
[Date "2009.04.26"]
[Round "3"]
[White "Van Meegen, Ruud"]
[Black "Slagter, David"]
[Result "1-0"]
[WhiteElo "1865"]
[BlackElo "1984"]
[PlyCount "67"]
[EventDate "2009.04.25"]
[EventType "swiss"]
[EventRounds "9"]
[EventCountry "NED"]
[SourceDate "2009.04.26"]

1. e4 e6 2. d4 d5 3. e5 c5 4. c3 Nc6 5. f4 Qb6 6. Nf3 Nh6 7. Bd3 cxd4 8. cxd4
Bd7 9. Bc2 Be7 10. Nc3 Nb4 11. Bb1 f5 12. h3 O-O-O 13. a3 Na6 14. b4 Kb8 15.
Bd2 Rc8 16. Bd3 Ka8 17. b5 Nb8 18. a4 Bb4 19. Na2 Ba5 20. O-O Nf7 21. Qe1 Bxd2
22. Qxd2 Rhg8 23. a5 Qd8 24. Nc3 g5 25. fxg5 Nxg5 26. Nxg5 Rxc3 27. Qxc3 Qxg5
28. Rf2 Qe3 29. a6 Bxb5 30. axb7+ Kxb7 31. Qc5 Bc6 32. Rxa7+ Kc8 33. Ba6+ Kd8
34. Qe7# 1-0

[Event "NK Jeugd B"]
[Site "Venlo"]
[Date "2009.04.26"]
[Round "3"]
[White "Van der Lende, Ilias"]
[Black "Rauw, Gert Jan"]
[Result "1/2-1/2"]
[WhiteElo "2105"]
[BlackElo "2006"]
[PlyCount "121"]
[EventDate "2009.04.25"]
[EventType "swiss"]
[EventRounds "9"]
[EventCountry "NED"]
[SourceDate "2009.04.26"]

1. e4 c6 2. d4 d5 3. exd5 cxd5 4. c4 Nf6 5. Nc3 e6 6. Nf3 Bb4 7. cxd5 Nxd5 8.
Bd2 Nc6 9. Bd3 O-O 10. O-O Be7 11. a3 Bf6 12. Qc2 h6 13. Rad1 Nxd4 14. Nxd4
Bxd4 15. Nxd5 Qxd5 16. Bc3 e5 17. Be4 Qc4 18. Bh7+ Kh8 19. Bxd4 Qxc2 20. Bxc2
exd4 21. Rxd4 Be6 22. Be4 Rfd8 23. Rfd1 Rxd4 24. Rxd4 Rc8 25. f4 g6 26. Ra4 b6
27. Rxa7 Rc4 28. Bd3 Rxf4 29. Ra6 Rd4 30. Bf1 Rd6 31. a4 Kg7 32. Be2 Rd2 33.
Bf3 Rxb2 34. h3 h5 35. Ra7 Kf6 36. Rb7 Rb4 37. Bc6 Kg5 38. Kh2 Kf4 39. Be8 Ke5
40. Bb5 Bb3 41. Ra7 g5 42. Be8 Bd5 43. Re7+ Kf6 44. Rd7 Bb3 45. Ra7 h4 46. a5
bxa5 47. Rxa5 Be6 48. Bc6 Rb2 49. Rb5 Rxb5 50. Bxb5 Ke5 51. Kg1 Kf4 52. Kf2 Bd5
53. Bd7 f5 54. Bc8 g4 55. hxg4 fxg4 56. Bd7 Be4 57. Bc8 Bf5 58. Bb7 h3 59. gxh3
gxh3 60. Kg1 Kg3 61. Kh1 1/2-1/2

[Event "NK Jeugd B"]
[Site "Venlo"]
[Date "2009.04.26"]
[Round "3"]
[White "Von Meijenfeldt, Bart"]
[Black "Beijerinck, Nick"]
[Result "1-0"]
[WhiteElo "1984"]
[BlackElo "1938"]
[PlyCount "91"]
[EventDate "2009.04.25"]
[EventType "swiss"]
[EventRounds "9"]
[EventCountry "NED"]
[SourceDate "2009.04.26"]

1. e4 c5 2. Nc3 e6 3. f4 Nc6 4. Bb5 Nge7 5. a4 d5 6. Nf3 a6 7. Bxc6+ Nxc6 8.
O-O d4 9. Ne2 Be7 10. d3 O-O 11. Bd2 f5 12. Ng3 Bd7 13. Ng5 e5 14. Nxf5 exf4
15. Nxe7+ Qxe7 16. Rxf4 Rxf4 17. Bxf4 Rf8 18. Qd2 Qf6 19. Bg3 Bg4 20. h3 Bh5
21. e5 Nxe5 22. Ne4 Qf5 23. Qg5 Qxg5 24. Nxg5 Rf5 25. Ne4 Nd7 26. Nd6 Rg5 27.
Bf4 Rg6 28. g4 Bxg4 29. Re1 Bf3+ 30. Kf2 Bc6 31. Re8+ Nf8 32. Rb8 Rf6 33. Kg3
h6 34. Nxb7 g5 35. Bd6 Bxa4 36. b3 Bb5 37. Bxc5 h5 38. Bxd4 h4+ 39. Kh2 Re6 40.
Bc5 Be8 41. Nd6 Bc6 42. Ne4 Be8 43. Rxe8 Rxe8 44. Nf6+ Kf7 45. Nxe8 Kxe8 46.
Bxf8 1-0

[Event "NK Jeugd B"]
[Site "Venlo"]
[Date "2009.04.26"]
[Round "3"]
[White "Wiegers, Kasper"]
[Black "Klapwijk, Bram"]
[Result "1-0"]
[WhiteElo "1518"]
[BlackElo "1869"]
[PlyCount "91"]
[EventDate "2009.04.25"]
[EventType "swiss"]
[EventRounds "9"]
[EventCountry "NED"]
[SourceDate "2009.04.26"]

1. e4 c5 2. d4 cxd4 3. c3 dxc3 4. Nxc3 Nc6 5. Bc4 d6 6. Nf3 a6 7. a3 Nf6 8. O-O
Bg4 9. Qb3 Qd7 10. Bxf7+ Kd8 11. Be3 e6 12. Ng5 Ke7 13. Bxe6 Na5 14. Nd5+ Nxd5
15. Qxd5 Bxe6 16. Nxe6 Qxe6 17. Qxa5 Kf7 18. f3 Be7 19. Rac1 Rac8 20. Rxc8 Rxc8
21. Qh5+ Kg8 22. Rc1 Rxc1+ 23. Bxc1 Qb3 24. Qd5+ Qxd5 25. exd5 Bf6 26. b3 Kf7
27. f4 Bd4+ 28. Kf1 Kf6 29. Ke2 Kf5 30. Kf3 b5 31. g4+ Kf6 32. Ke4 Ba1 33. Be3
g6 34. g5+ Ke7 35. Bd4 Bxd4 36. Kxd4 Kd7 37. Ke4 a5 38. b4 axb4 39. axb4 Ke7
40. f5 Kf7 41. h4 Kf8 42. Kf4 Kf7 43. Kg4 Kg7 44. h5 Kf7 45. hxg6+ hxg6 46.
fxg6+ 1-0

[Event "NK Jeugd B"]
[Site "Venlo"]
[Date "2009.04.27"]
[Round "4"]
[White "Mostertman, Milan"]
[Black "Pijpers, Arthur"]
[Result "1/2-1/2"]
[WhiteElo "2142"]
[BlackElo "2185"]
[PlyCount "29"]
[EventDate "2009.04.24"]
[EventType "swiss"]
[EventRounds "9"]
[EventCountry "NED"]
[SourceDate "2009.04.27"]

1. e4 c5 2. Nf3 d6 3. d4 cxd4 4. Nxd4 Nf6 5. Nc3 g6 6. Be3 Bg7 7. f3 Nc6 8. Qd2
O-O 9. O-O-O d5 10. Kb1 Nxd4 11. e5 Nf5 12. exf6 Bxf6 13. Nxd5 Qxd5 14. Qxd5
Nxe3 15. Qd3 1/2-1/2

[Event "NK Jeugd B"]
[Site "Venlo"]
[Date "2009.04.27"]
[Round "4"]
[White "Ten Hertog, Hugo"]
[Black "Wiegers, Kasper"]
[Result "1-0"]
[WhiteElo "2008"]
[BlackElo "1518"]
[PlyCount "35"]
[EventDate "2009.04.24"]
[EventType "swiss"]
[EventRounds "9"]
[EventCountry "NED"]
[SourceDate "2009.04.27"]

1. e4 e5 2. Nc3 Bc5 3. g3 Nf6 4. Bg2 c6 5. Nge2 d6 6. Na4 Nbd7 7. Nxc5 Nxc5 8.
d3 Be6 9. f4 g6 10. O-O Nfd7 11. b4 Na6 12. a3 f5 13. d4 fxe4 14. dxe5 d5 15.
Nd4 Qe7 16. f5 gxf5 17. Qh5+ Kd8 18. Bg5 1-0

[Event "NK Jeugd B"]
[Site "Venlo"]
[Date "2009.04.27"]
[Round "4"]
[White "Duburg, Jamie"]
[Black "Admiraal, Miguoel"]
[Result "1/2-1/2"]
[WhiteElo "1842"]
[BlackElo "2163"]
[PlyCount "222"]
[EventDate "2009.04.24"]
[EventType "swiss"]
[EventRounds "9"]
[EventCountry "NED"]
[SourceDate "2009.04.27"]

1. e4 c5 2. d4 cxd4 3. c3 Nf6 4. e5 Nd5 5. Bc4 Qc7 6. Qe2 Nb6 7. Bb3 Nc6 8. Nf3
d5 9. exd6 Qxd6 10. O-O d3 11. Qe4 Qg6 12. Qe3 Bg4 13. Rd1 Rd8 14. Na3 Qh5 15.
Rxd3 Rxd3 16. Qxd3 Bxf3 17. Qxf3 Qxf3 18. gxf3 e6 19. Nc4 Nxc4 20. Bxc4 Bd6 21.
Bg5 h6 22. Bh4 f5 23. Rd1 Kd7 24. Bg3 e5 25. f4 e4 26. h4 Kc7 27. h5 Ne7 28.
Bh4 Nc8 29. Be6 Rf8 30. Rd5 Bxf4 31. Bxf5 Nb6 32. Be7 Rf7 33. Rc5+ Kb8 34. Bd8
e3 35. Bxb6 axb6 36. Rc8+ Ka7 37. Bg6 Rd7 38. fxe3 Bxe3+ 39. Kg2 Rd2+ 40. Kf3
Bg5 41. Rc7 Rxb2 42. Be4 Rxa2 43. Rxb7+ Ka6 44. Rxg7 Ra3 45. Rc7 Bd2 46. Bd3+
b5 47. Rc5 Rb3 48. Rxb5 Rxb5 49. Bxb5+ Kxb5 50. Kg2 Kc4 51. Kh2 Bf4+ 52. Kg2
Kd3 53. Kg1 Bd6 54. Kg2 Ke4 55. Kf2 Bc5+ 56. Kg2 Kf4 57. c4 Kg5 58. Kh2 Kh4 59.
Kg2 Kg4 60. Kh2 Kf3 61. Kh1 Kg4 62. Kg2 Kf5 63. Kh1 Ke4 64. Kg2 Kd3 65. Kh1 Ke2
66. Kg2 Ke1 67. Kh2 Kf2 68. Kh1 Kf3 69. Kh2 Kg4 70. Kg2 Kxh5 71. Kh2 Kg6 72.
Kg2 Kf7 73. Kh2 Ke6 74. Kg2 Ke5 75. Kh2 Kd4 76. Kg2 Kc3 77. Kh2 Kd2 78. Kg2 Ke1
79. Kh2 Kf1 80. Kh1 Kf2 81. Kh2 Kf3 82. Kh1 Kg4 83. Kg2 Kg5 84. Kh2 Kh4 85. Kg2
h5 86. Kh2 Kg4 87. Kg2 Kf5 88. Kh2 Kg4 89. Kg2 h4 90. Kh2 Bd6+ 91. Kg2 Bc7 92.
c5 Kh5 93. Kh3 Kg5 94. Kg2 Kg4 95. c6 Kh5 96. Kh3 Kg5 97. Kg2 Kg4 98. Kg1 Kh3
99. Kh1 Kg3 100. Kg1 h3 101. Kh1 Kf4 102. Kh2 Kg4+ 103. Kh1 h2 104. Kg2 Kf5
105. Kh1 Ke4 106. Kg2 Kd3 107. Kh1 Ke2 108. Kg2 Ke1 109. Kh1 Ke2 110. Kg2 h1=N
111. Kxh1 Bd6 1/2-1/2

[Event "NK Jeugd B"]
[Site "Venlo"]
[Date "2009.04.27"]
[Round "4"]
[White "Van der Lende, Ilias"]
[Black "Hachijan, Armen"]
[Result "0-1"]
[WhiteElo "2105"]
[BlackElo "2085"]
[PlyCount "89"]
[EventDate "2009.04.24"]
[EventType "swiss"]
[EventRounds "9"]
[EventCountry "NED"]
[SourceDate "2009.04.27"]

1. e4 Nf6 2. e5 Nd5 3. d4 d6 4. c4 Nb6 5. exd6 exd6 6. Nc3 Be7 7. Bd3 O-O 8.
Nge2 Nc6 9. Be3 Nb4 10. b3 Nxd3+ 11. Qxd3 g6 12. Ng3 c6 13. O-O h5 14. d5 h4
15. Bxb6 Qxb6 16. Nge4 Bf5 17. dxc6 bxc6 18. Rad1 Rad8 19. Rfe1 Rfe8 20. Qf3
Qa5 21. Qf4 d5 22. cxd5 Bxe4 23. Nxe4 cxd5 24. b4 Qxa2 25. Ng5 Bxg5 26. Qxg5
Qc4 27. h3 Qxb4 28. Rxe8+ Rxe8 29. Kh2 Qd6+ 30. f4 d4 31. Qxh4 d3 32. Qg3 Rd8
33. Qe3 a5 34. Qe4 d2 35. h4 Qd4 36. Qf3 Rd5 37. Kg3 a4 38. h5 Rxh5 39. Qe2 Rd5
40. Qe8+ Kg7 41. Qe7 Qd3+ 42. Kf2 a3 43. g4 Qd4+ 44. Kf3 a2 45. Qa3 0-1

[Event "NK Jeugd B"]
[Site "Venlo"]
[Date "2009.04.27"]
[Round "4"]
[White "Van Dorp, Jan"]
[Black "Von Meijenfeldt, Bart"]
[Result "1-0"]
[WhiteElo "1960"]
[BlackElo "1984"]
[PlyCount "79"]
[EventDate "2009.04.24"]
[EventType "swiss"]
[EventRounds "9"]
[EventCountry "NED"]
[SourceDate "2009.04.27"]

1. d4 Nf6 2. c4 g6 3. Nc3 Bg7 4. e4 d6 5. f3 O-O 6. Be3 c5 7. Nge2 cxd4 8. Nxd4
Nc6 9. Nc2 Be6 10. Be2 Ne5 11. b3 Nc6 12. Qd2 Qa5 13. Rc1 Ng4 14. Nd5 Nxe3 15.
Ncxe3 Qd8 16. O-O Bd4 17. Kh1 a5 18. a3 Bg7 19. Nc2 f5 20. Qg5 Bxd5 21. cxd5
Nd4 22. Nxd4 Bxd4 23. Rc4 Bf6 24. Qh6 Bg7 25. Qg5 f4 26. g3 Be5 27. Rfc1 fxg3
28. hxg3 Qd7 29. Kg2 Bf6 30. Qh6 Qb5 31. Rh1 Rf7 32. Rc8+ Rxc8 33. Bxb5 Rc2+
34. Kh3 g5 35. Bd7 Rg7 36. Be6+ Kh8 37. Qh5 Rg6 38. Kg4 Kg7 39. Qxh7+ Kf8 40.
Qf7# 1-0

[Event "NK Jeugd B"]
[Site "Venlo"]
[Date "2009.04.27"]
[Round "4"]
[White "Klein, David"]
[Black "Van Meegen, Ruud"]
[Result "1-0"]
[WhiteElo "2239"]
[BlackElo "1865"]
[PlyCount "81"]
[EventDate "2009.04.24"]
[EventType "swiss"]
[EventRounds "9"]
[EventCountry "NED"]
[SourceDate "2009.04.27"]

1. e4 c5 2. Nf3 d6 3. d4 cxd4 4. Nxd4 Nf6 5. Nc3 g6 6. Be3 Bg7 7. f3 O-O 8. Qd2
Nc6 9. g4 Bxg4 10. fxg4 Nxg4 11. Nb3 Nxe3 12. Qxe3 Rc8 13. O-O-O a6 14. h4 h6
15. Bh3 Rb8 16. h5 g5 17. Nd5 b5 18. Rhg1 e6 19. Nc3 a5 20. a4 bxa4 21. Nxa4
Rb4 22. Nbc5 Nd4 23. c3 Rc4 24. Qd3 d5 25. Kb1 Nb5 26. exd5 exd5 27. Qxd5 Qxd5
28. Rxd5 Rb8 29. Ka2 Bf8 30. Bf1 Rf4 31. c4 Nc7 32. Rd7 Ne6 33. Nxe6 fxe6 34.
Bh3 Re4 35. Nc3 Re3 36. Bg4 Bg7 37. Nb5 Kh8 38. Rgd1 Bf6 39. Rf7 Be5 40. Rdd7
Re8 41. Bxe6 1-0

[Event "NK Jeugd B"]
[Site "Venlo"]
[Date "2009.04.27"]
[Round "4"]
[White "Rauw, Gert Jan"]
[Black "Heller, Milan"]
[Result "1-0"]
[WhiteElo "2006"]
[BlackElo "1922"]
[PlyCount "57"]
[EventDate "2009.04.24"]
[EventType "swiss"]
[EventRounds "9"]
[EventCountry "NED"]
[SourceDate "2009.04.27"]

1. e4 e6 2. d3 d5 3. Nd2 Nf6 4. Ngf3 Bc5 5. e5 Nfd7 6. c3 Be7 7. d4 c5 8. Bd3
Nc6 9. O-O g5 10. Bb1 h5 11. Nb3 a5 12. Be3 cxd4 13. cxd4 a4 14. Nc1 b6 15. Ne1
Ba6 16. Ned3 a3 17. bxa3 Na5 18. Ne2 Nc4 19. a4 Qc7 20. Bc2 Rc8 21. Bb3 Nf8 22.
Bc1 Na5 23. Bb2 Nxb3 24. axb3 Qc2 25. Rc1 Qxd3 26. Rxc8+ Kd7 27. Qxd3 Bxd3 28.
Rfc1 Bc5 29. Ra8 1-0

[Event "NK Jeugd B"]
[Site "Venlo"]
[Date "2009.04.27"]
[Round "4"]
[White "Van den Bergh, Don"]
[Black "Mostertman, Xander"]
[Result "1-0"]
[WhiteElo "1757"]
[BlackElo "1837"]
[PlyCount "91"]
[EventDate "2009.04.24"]
[EventType "swiss"]
[EventRounds "9"]
[EventCountry "NED"]
[SourceDate "2009.04.27"]

1. e4 c5 2. Nf3 d6 3. d4 cxd4 4. c3 dxc3 5. Nxc3 a6 6. Bc4 e6 7. O-O Nc6 8. Qe2
b5 9. Bb3 Ra7 10. Rd1 Rd7 11. Be3 Be7 12. Rac1 Bb7 13. a4 b4 14. Na2 Nf6 15.
Nd4 Nxd4 16. Bxd4 Nxe4 17. Nxb4 d5 18. Nxa6 Qa5 19. Nb8 Rd8 20. Nc6 Bxc6 21.
Rxc6 O-O 22. Bb6 Qa8 23. Bxd8 Qxd8 24. Bc2 Nc5 25. b4 Nd7 26. Rb1 Bf6 27. Bd3
Nb8 28. Rcc1 e5 29. f3 Re8 30. Qc2 e4 31. Bb5 Bd4+ 32. Kh1 Rf8 33. fxe4 Be3 34.
Rd1 d4 35. a5 Qf6 36. Rf1 Qh6 37. Rf3 Qg5 38. Rf5 Qe7 39. Qd3 Rc8 40. Bc4 Rf8
41. Rbf1 Kh8 42. Rxf7 Rxf7 43. Rxf7 Qxb4 44. Qb3 Qd6 45. Qb6 Qxb6 46. Rf8# 1-0

[Event "NK Jeugd B"]
[Site "Venlo"]
[Date "2009.04.27"]
[Round "4"]
[White "Beijerinck, Nick"]
[Black "Damen, Igor"]
[Result "0-1"]
[WhiteElo "1938"]
[BlackElo "1738"]
[PlyCount "90"]
[EventDate "2009.04.24"]
[EventType "swiss"]
[EventRounds "9"]
[EventCountry "NED"]
[SourceDate "2009.04.27"]

1. e4 e5 2. Nf3 Nc6 3. Bb5 a6 4. Ba4 Nf6 5. Qe2 b5 6. Bb3 Be7 7. O-O d6 8. c3
Na5 9. Bc2 c5 10. Rd1 O-O 11. d3 Re8 12. Nbd2 Bf8 13. Nf1 g6 14. Bg5 Bg7 15.
Ne3 Be6 16. Bh4 Qc7 17. h3 Nh5 18. Ng5 h6 19. Nxe6 fxe6 20. b4 cxb4 21. cxb4
Nc6 22. Bb3 Nd4 23. Qb2 Nf4 24. Rd2 Nxh3+ 25. gxh3 Nf3+ 26. Kh1 Nxh4 27. Rg1
Nf3 28. Rxg6 Qf7 29. Rg3 Qf4 30. Rc2 Ra7 31. Qc1 Kh7 32. Rc7 Rxc7 33. Qxc7 Ng5
34. Qc2 Rf8 35. Kg2 Nf3 36. Qb2 Ne1+ 37. Kh1 Nxd3 38. Qe2 Nxf2+ 39. Kg2 Nxe4
40. Rg4 Qf2+ 41. Qxf2 Nxf2 42. Rg3 d5 43. a4 Ne4 44. Rf3 Rxf3 45. Kxf3 Nd2+ 0-1